000 00838nam a2200229 4500
008 110815s1994 enka d 001 0 eng
020 _a1564586480
050 0 0 _aPE1629
_b.D67 1994
082 0 0 _a423/.1
_220
245 0 0 _aUltimate visual dictionary.
246 3 _aDorling Kindersley ultimate visual dictionary
250 _a1st American ed.
260 _aLondon ;
_aNew York :
_bDorling Kindersley,
_c1994.
300 _a640 p. :
_bcol. ill. ;
_c25 cm.
500 _aAt head of title: Dorling Kindersley.
500 _aIncludes index.
650 0 _aPicture dictionaries, English.
710 2 2 _aDorling Kindersley, Inc.
991 _bc-GenColl
_hPE1629
_i.D67 1994
_p00025541935
_tCopy 2
_wCCF
991 _bc-GenColl
_hPE1629
_i.D67 1994
_tCopy 1
_wBOOKS
951 _pC-7971
_x00034027
_oBR128.C43/C42c
_j070613111618218
_d2000-12-21
_cSP-C CH
999 _c28010
_d28010